<?xml version="1.0" encoding="UTF-8"?>
<record
    xmlns:xsi="http://www.w3.org/2001/XMLSchema-instance"
    xsi:schemaLocation="http://www.loc.gov/MARC21/slim http://www.loc.gov/standards/marcxml/schema/MARC21slim.xsd"
    xmlns="http://www.loc.gov/MARC21/slim">

  <leader>00374    a2200121   4500</leader>
  <controlfield tag="000">     nam a22     7a 4500</controlfield>
  <controlfield tag="005">20260507153532.0</controlfield>
  <datafield tag="020" ind1=" " ind2=" ">
    <subfield code="a">9788171381296</subfield>
  </datafield>
  <datafield tag="100" ind1=" " ind2=" ">
    <subfield code="a">&#x92E;&#x943;&#x926;&#x941;&#x932;&#x93E; &#x938;&#x93F;&#x928;&#x94D;&#x939;&#x93E;</subfield>
    <subfield code="9">1238783</subfield>
  </datafield>
  <datafield tag="245" ind1=" " ind2=" ">
    <subfield code="a">&#x92E;&#x93E;&#x924;&#x94D;&#x930; &#x926;&#x947;&#x939; &#x928;&#x939;&#x940;&#x902; &#x939;&#x948; &#x914;&#x930;&#x924;</subfield>
  </datafield>
  <datafield tag="260" ind1=" " ind2=" ">
    <subfield code="b">&#x938;&#x93E;&#x92E;&#x92F;&#x93F;&#x915; &#x92A;&#x94D;&#x930;&#x915;&#x93E;&#x936;&#x928;</subfield>
    <subfield code="c">2024</subfield>
  </datafield>
  <datafield tag="942" ind1=" " ind2=" ">
    <subfield code="c">TEXL</subfield>
  </datafield>
  <datafield tag="999" ind1=" " ind2=" ">
    <subfield code="c">1851122</subfield>
    <subfield code="d">1851122</subfield>
  </datafield>
  <datafield tag="952" ind1=" " ind2=" ">
    <subfield code="0">0</subfield>
    <subfield code="1">0</subfield>
    <subfield code="2">CC</subfield>
    <subfield code="4">0</subfield>
    <subfield code="7">-1</subfield>
    <subfield code="a">SDCL</subfield>
    <subfield code="b">SDCL</subfield>
    <subfield code="d">2026-05-07</subfield>
    <subfield code="e">Nayee Kitab Prakashan</subfield>
    <subfield code="i">NKP-1271 &amp; 28/01/2026</subfield>
    <subfield code="l">0</subfield>
    <subfield code="p">SC1809711</subfield>
    <subfield code="r">2026-05-07 15:35:33</subfield>
    <subfield code="w">2026-05-07</subfield>
    <subfield code="y">TEXL</subfield>
  </datafield>
</record>
